000 00442cam a2200181ua 4500
020 _c5.00
041 _aeng
_h
082 _a828.09
_bPRI/CR
100 _aPritchard, Joha paul .
245 _aCriticism in America /
_cJoha paul pritchard.
_hTextual Documents
250 _a1 /
_b.
260 _aLudhiana :
_bLyall book depot ,
_c1956.
300 _a325 ; .
365 _a5.00
504 _a
942 _cBK
999 _c5466
_d5466